| 000 | 00968nam a2200205 4500 | ||
|---|---|---|---|
| 005 | 20210921114521.0 | ||
| 008 | 210921s1981 pe |||fr|||| 001 0 spa d | ||
| 040 |
_aCENDOC CAAAP _bspa _cCAAAP |
||
| 041 | _aspa | ||
| 050 |
_aLF 118 _b.P45 |
||
| 245 | _aCatálogo de tesis doctorales en educación | ||
| 250 | _a1ra ed. | ||
| 260 |
_aLima: _bEditorial Educativa. INIDE, _c1981 |
||
| 300 | _a276 p. | ||
| 505 | _aContiene : Universidad Nacional Mayor de San Marcos -- Pontificia Universidad Católica del Perú -- Universidad Nacional de Educación Enrique Guzmán y Valle -- Universidad Particular Inca Garcilaso de la Vega -- Universidad Nacional Federico Villarreal --Universidad Nacional de Trujillo --Universidad Nacional San Agustín de Arequipa -- Universidad Nacional San Antonio Abad del Cusco. | ||
| 650 | 1 | 0 |
_9310 _aEducación Superior |
| 650 | 2 | 0 |
_9260 _aUniversidades y colegios _zAlumnos y graduados |
| 651 | 0 |
_912 _aPerú |
|
| 942 |
_2lcc _b21 - 09 - 21 _cBK |
||
| 999 |
_c2482 _d2482 |
||